[Event "C.to Mondiale U10"]
[Site "Antalya TUR"]
[Date "2007.11.22"]
[Round "6"]
[White "Abbatantuono, Oscar"]
[Black "Konstantinov, Aleksandar"]
[Result "1/2-1/2"]
[WhiteElo "1545"]
[BlackElo "1891"]
[PlyCount "68"]
[EventDate "2007.11.18"]

1. e4 c5 2. Nf3 e6 3. d4 cxd4 4. Nxd4 Nc6 5. Nc3 Qc7 6. Be3 a6 7. Be2 Nf6 8.
Qd2 Bb4 9. a3 Nxe4 10. Qd3 Nxc3 11. bxc3 Be7 12. O-O d5 13. f4 O-O 14. Bg4 e5
15. Nxc6 bxc6 16. Bxc8 Rfxc8 17. fxe5 Qxe5 18. Bd4 Qc7 19. Qf3 Bd6 20. Qh5 g6
21. Qh6 Bf8 22. Qe3 Re8 23. Qf4 Bg7 24. Bxg7 Kxg7 25. Qf6+ Kg8 26. Rae1 Rac8
27. h3 Qd8 28. Qxf7+ Kh8 29. Rxe8+ Qxe8 30. Qxe8+ Rxe8 31. Rf7 c5 32. Rf6 d4
33. cxd4 cxd4 34. a4 34... Rd8 {...} 1/2-1/2

[Event "C.to Mondiale U10"]
[Site "Antalya TUR"]
[Date "2007.11.22"]
[Round "6"]
[White "Codenotti, Marco"]
[Black "Purenne, Benoit"]
[Result "1-0"]
[WhiteElo "2002"]
[BlackElo "1873"]
[PlyCount "81"]
[EventDate "2007.11.18"]

1. e4 c5 2. Nc3 Nc6 3. f4 d6 4. Nf3 e6 5. g3 g6 6. Bg2 Bg7 7. d3 Nge7 8. O-O
O-O 9. Ne2 f5 10. c3 Rb8 11. Qc2 b5 12. Be3 b4 13. e5 bxc3 14. bxc3 Nd5 15. Bf2
Rf7 16. exd6 Rfb7 17. Rab1 Rxb1 18. Rxb1 Rxb1+ 19. Qxb1 Qxd6 20. Qb5 Bf8 21.
Nd2 a6 22. Qa4 Bd7 23. Nc4 Qb8 24. Qxa6 Qb1+ 25. Bf1 Nb8 26. Qa7 Be8 27. Bxc5
Nc6 28. Qa3 Bxc5+ 29. Qxc5 Qxa2 30. Qd6 Kf7 31. Ne5+ Nxe5 32. Qxe5 Qa7+ 33. Kh1
Ne3 34. Bg2 Nd1 35. Nd4 Bd7 36. Qe1 Qa1 37. Nf3 Bc6 38. Ng5+ Kg7 39. Qe5+ Kh6
40. Nf7+ Kh5 41. Qe2+ 1-0

[Event "C.to Mondiale U10"]
[Site "Antalya TUR"]
[Date "2007.11.24"]
[Round "7"]
[White "Konstantinov, Aleksandar"]
[Black "Zito, Riccardo"]
[Result "0-1"]
[WhiteElo "1891"]
[BlackElo "1449"]
[PlyCount "94"]
[EventDate "2007.11.18"]

1. e4 Nf6 2. e5 Nd5 3. d4 d6 4. c4 Nb6 5. exd6 cxd6 6. Be3 g6 7. Nc3 Bg7 8. Rc1
O-O 9. b3 Bf5 10. Nf3 e6 11. h3 d5 12. g4 Be4 13. Nxe4 dxe4 14. Ng5 Bh6 15.
Nxe6 fxe6 16. Bxh6 Rf7 17. Bg2 g5 18. h4 Qf6 19. Qe2 Qxh6 20. hxg5 Qxg5 21. Rd1
Qf6 22. Bxe4 N8d7 23. Bxb7 Re8 24. d5 Kf8 25. d6 e5 26. b4 Qf4 27. c5 Qxb4+ 28.
Kf1 Qxc5 29. Be4 Kg8 30. g5 Ref8 31. f3 Nb8 32. Kg2 Rg7 33. Bxh7+ Rxh7 34. Rxh7
Kxh7 35. Qd3+ e4 36. Qxe4+ Qf5 37. Rh1+ Kg7 38. Qe7+ Rf7 39. Qe3 N8d7 40. Kg1
Qb1+ 41. Kg2 Qxa2+ 42. Kg3 Qd5 43. g6 Qxd6+ 44. Kf2 Rf4 45. Qc3+ Qd4+ 46. Qxd4+
Rxd4 47. Ra1 Ra4 0-1

[Event "C.to Mondiale U10"]
[Site "Antalya TUR"]
[Date "2007.11.24"]
[Round "7"]
[White "Purenne, Benoit"]
[Black "Abbatantuono, Oscar"]
[Result "1-0"]
[WhiteElo "1873"]
[BlackElo "1545"]
[PlyCount "59"]
[EventDate "2007.11.18"]

1. e4 e5 2. Nf3 Nc6 3. Bb5 a6 4. Bxc6 dxc6 5. O-O Bd6 6. d4 Qe7 7. dxe5 Bxe5 8.
Nxe5 Qxe5 9. Nd2 Bd7 10. Nc4 Qe7 11. Be3 O-O-O 12. f3 Nf6 13. Qe2 Rdg8 14. b4
g5 15. Bc5 Qe6 16. Ne3 h5 17. Nf5 Kb8 18. Rad1 g4 19. Rd3 h4 20. Ra3 gxf3 21.
Rfxf3 Qxe4 22. Rae3 Qg4 23. Ne7 Re8 24. Rxf6 Qg5 25. Rxf7 Rh6 26. Nxc6+ bxc6
27. Rxe8+ Bxe8 28. Qxe8+ Kb7 29. Be3 Qg6 30. Bf4 1-0

[Event "C.to Mondiale U10"]
[Site "Antalya TUR"]
[Date "2007.11.25"]
[Round "8"]
[White "Zito, Riccardo"]
[Black "Gonzalez Gimenez, Jose'"]
[Result "0-1"]
[WhiteElo "1449"]
[BlackElo "1737"]
[PlyCount "80"]
[EventDate "2007.11.18"]

1. e4 e6 2. d4 d5 3. e5 c5 4. Nf3 Nc6 5. Bd3 Qb6 6. O-O cxd4 7. Nbd2 Bd7 8. Nb3
Nge7 9. Bf4 Rc8 10. a3 Na5 11. Nbxd4 Ng6 12. Bxg6 hxg6 13. b3 Be7 14. Qd3 Nc6
15. Nxc6 Qxc6 16. Rac1 Bxa3 17. Ra1 Bc5 18. Bg5 Qc7 19. Rfd1 a6 20. c4 Bc6 21.
Qc3 Qb6 22. Ra2 Qb4 23. Qd3 Rc7 24. Nh4 O-O 25. h3 dxc4 26. bxc4 Rd7 27. Qc2
Rxd1+ 28. Qxd1 Qxc4 29. Re2 Kh7 30. Rd2 Bd5 31. Qa1 Bb4 32. Rd4 Qc3 33. Qd1 Rc8
34. Kh2 a5 35. Qg4 Rc4 36. Nxg6 fxg6 37. Qh4+ Kg8 38. Bh6 Qxd4 39. Qd8+ Bf8 40.
Bxg7 Qf4+ 0-1

[Event "C.to Mondiale U08 femminile"]
[Site "Antalya TUR"]
[Date "2007.11.18"]
[Round "1"]
[White "Lunigiani, Deborah"]
[Black "Meghna, C.H."]
[Result "0-1"]
[WhiteElo "1521"]
[BlackElo "1716"]
[PlyCount "59"]
[EventDate "2007.11.18"]

1. e4 e5 2. Nf3 Nc6 3. Nc3 Nf6 4. Bb5 d6 5. Bxc6+ bxc6 6. O-O Bg4 7. h3 Bh5 8.
d3 Be7 9. Be3 d5 10. exd5 cxd5 11. Bg5 Qd6 12. Nb5 Qb6 13. a4 a6 14. Nc3 Rd8
15. Qe2 Qxb2 16. Qe1 Bxf3 17. gxf3 O-O 18. Ra2 Qb4 19. Bd2 Qd6 20. Qe2 Qe6 21.
Rb2 Qxh3 22. f4 Ng4 23. Qxg4 Qxg4+ 24. Kh1 exf4 25. f3 Qh3+ 26. Kg1 Bc5+ 27.
Rf2 Qg3+ 28. Kh1 Bxf2 29. Rb1 Ra8 30. Ra1 0-1

[Event "C.to Mondiale U08 femminile"]
[Site "Antalya TUR"]
[Date "2007.11.27"]
[Round "10"]
[White "Lunigiani, Deborah"]
[Black "Dmochowska, Agnieszka"]
[Result "0-1"]
[WhiteElo "1521"]
[BlackElo "1463"]
[PlyCount "84"]
[EventDate "2007.11.18"]

1. d4 Nf6 2. Nf3 g6 3. Nc3 d5 4. Bg5 Bg7 5. e3 O-O 6. Bd3 Nc6 7. Qd2 h6 8. Bxf6
Bxf6 9. O-O-O Bg7 10. h3 a6 11. g4 b5 12. Ne2 Qd6 13. Rdg1 Nb4 14. a3 Nxd3+ 15.
Qxd3 a5 16. Qxb5 Ba6 17. Qb3 Bxe2 18. Nd2 a4 19. Qc3 Bb5 20. h4 Rfc8 21. h5 g5
22. Rg3 c5 23. Nf1 cxd4 24. Qd2 Bxf1 25. Rxf1 dxe3 26. fxe3 Qxg3 27. Kb1 Qxg4
28. Qxd5 Qe6 29. Qd1 Qxe3 30. Re1 Qb6 31. Qc1 e6 32. Re2 Rab8 33. b3 axb3 34.
c3 Rxc3 35. Qd2 b2 36. Rg2 Rc1+ 37. Qxc1 bxc1=Q+ 38. Kxc1 Qb1+ 39. Kd2 Rb2+ 40.
Ke3 Rxg2 41. a4 Qb3+ 42. Ke4 Rg4# 0-1

[Event "C.to Provinciale UD 2008"]
[Site "Udine ITA"]
[Date "2007.11.24"]
[Round "1"]
[White "Bisaro, Andrea"]
[Black "Bertolutti, Francesca"]
[Result "1-0"]
[WhiteElo "1548"]
[BlackElo "1329"]
[PlyCount "79"]
[EventDate "2007.11.24"]

1. d4 d5 2. c4 e6 3. Nc3 Nf6 4. Bg5 Be7 5. Nf3 Nbd7 6. Qc2 O-O 7. e3 b6 8. Bd3
Re8 9. cxd5 exd5 10. O-O Bb7 11. Rac1 c6 12. Rfe1 Nf8 13. Ne2 Rc8 14. Bf5 Rc7
15. Ng3 Bc8 16. Bxc8 Rxc8 17. Qa4 Qc7 18. Ne5 c5 19. Nf5 N8d7 20. Nxe7+ Rxe7
21. Nxd7 Qxd7 22. Bxf6 gxf6 23. dxc5 bxc5 24. Qxd7 Rxd7 25. Rc3 d4 26. exd4
Rxd4 27. Rc2 Rcd8 28. g3 Rd2 29. Rec1 Rxc2 30. Rxc2 Rc8 31. Rc4 Kf8 32. b4 Ke7
33. bxc5 Kd7 34. Kf1 Kc6 35. Ra4 Rc7 36. Ra6+ Kxc5 37. Rxf6 Kb4 38. Rh6 f5 39.
Rf6 Ka3 40. Ke1 1-0

[Event "C.to Provinciale UD 2008"]
[Site "Udine ITA"]
[Date "2007.11.24"]
[Round "1"]
[White "Degano, Emanuele"]
[Black "Cellante, Francesco"]
[Result "1/2-1/2"]
[WhiteElo "1623"]
[BlackElo "1500"]
[PlyCount "116"]
[EventDate "2007.11.24"]

1. e4 Nf6 2. Nc3 d5 3. e5 d4 4. exf6 dxc3 5. fxg7 cxd2+ 6. Qxd2 Qxd2+ 7. Bxd2
Bxg7 8. O-O-O Bf5 9. Be3 O-O 10. h3 Nc6 11. g4 Be6 12. a3 Rfd8 13. Rxd8+ Rxd8
14. f4 Bd5 15. Rh2 Be4 16. Ne2 Nd4 17. Nxd4 Bxd4 18. Bxd4 Rxd4 19. Rd2 Rd6 20.
Re2 Bf3 21. Re1 Kg7 22. Be2 Re6 23. Kd2 Bc6 24. Bf1 Rxe1 25. Kxe1 Be4 26. c4 f5
27. Kf2 c5 28. Bg2 Bxg2 29. Kxg2 Kg6 30. Kf3 h6 31. b4 b6 32. Kg3 Kf6 33. Kh4
fxg4 34. hxg4 e6 35. Kh5 Kg7 36. g5 hxg5 37. fxg5 e5 38. Kg4 Kg6 39. b5 e4 40.
Kf4 e3 41. Kxe3 Kxg5 42. Ke4 Kf6 43. Kd5 Kf5 44. Kc6 Ke4 45. Kb7 Kd3 46. Kxa7
Kxc4 47. Kxb6 Kd5 48. Ka5 c4 49. Kb4 Kd4 50. b6 c3 51. Kb3 Kd3 52. b7 c2 53.
b8=Q c1=Q 54. Qb5+ Kd4 55. Qb4+ Kd5 56. Ka4 Qc2+ 57. Qb3+ Qxb3+ 58. Kxb3 Kc5
1/2-1/2

[Event "C.to Provinciale UD 2008"]
[Site "Udine ITA"]
[Date "2007.11.24"]
[Round "1"]
[White "Di Gaspero, Enrico"]
[Black "Dizorz, Marco"]
[Result "1/2-1/2"]
[WhiteElo "1425"]
[BlackElo "1565"]
[PlyCount "58"]
[EventDate "2007.11.24"]

1. e4 e5 2. Nf3 Nc6 3. d4 exd4 4. Nxd4 Nxd4 5. Qxd4 d6 6. Be3 Be7 7. Nc3 Nf6 8.
f3 Be6 9. O-O-O a6 10. g4 h6 11. h4 Qd7 12. Be2 c5 13. Qd2 Qc6 14. g5 hxg5 15.
hxg5 Nh7 16. Rh2 Kf8 17. Rdh1 Kg8 18. f4 g6 19. Bd3 Rd8 20. f5 gxf5 21. exf5
Bd5 22. Nxd5 Qxd5 23. Kb1 c4 24. g6 cxd3 25. gxh7+ Kf8 26. Qxd3 Qxd3 27. cxd3
Bf6 28. Rg2 Ke7 29. b3 Rc8 1/2-1/2

[Event "C.to Provinciale UD 2008"]
[Site "Udine ITA"]
[Date "2007.11.24"]
[Round "1"]
[White "Santacroce, Fidel"]
[Black "Gentile, Bruno"]
[Result "1-0"]
[WhiteElo "1586"]
[BlackElo "1449"]
[PlyCount "99"]
[EventDate "2007.11.24"]

1. e4 e5 2. Nc3 Bc5 3. Bb5 Nf6 4. h3 a6 5. Be2 d6 6. Nf3 Nc6 7. d3 Be6 8. Ng5
Bd7 9. a3 Nd4 10. b4 Bb6 11. Nf3 Qe7 12. Bg5 c6 13. O-O h6 14. Bd2 g5 15. Na4
Ba7 16. c3 Nxe2+ 17. Qxe2 g4 18. hxg4 Bxg4 19. Be3 Nd7 20. Bxa7 Rxa7 21. Qe3
Qe6 22. Nh2 Ra8 23. f4 Qg6 24. Nb6 Rd8 25. a4 h5 26. c4 Rg8 27. Ra2 exf4 28.
Rxf4 Be6 29. Nxd7 Rxd7 30. Nf3 Qg3 31. Re2 Rg4 32. Rxg4 Bxg4 33. Qf2 Qf4 34.
Re1 f6 35. Nh2 Qg5 36. Nxg4 hxg4 37. Qf5 Qh4 38. Rf1 g3 39. Qh3 Qg5 40. Qe6+
Kd8 41. Qxf6+ Qxf6 42. Rxf6 d5 43. exd5 cxd5 44. c5 Re7 45. Kf1 Kd7 46. Rf3 Rg7
47. Ke2 d4 48. Rf4 Re7+ 49. Kd2 Re3 50. Rxd4+ 1-0

[Event "C.to Provinciale UD 2008"]
[Site "Udine ITA"]
[Date "2007.11.24"]
[Round "1"]
[White "Viola, Enrico"]
[Black "Di Tomaso, Fausto"]
[Result "0-1"]
[WhiteElo "1497"]
[BlackElo "1589"]
[PlyCount "101"]
[EventDate "2007.11.24"]

1. Nf3 Nf6 2. d4 d6 3. c4 g6 4. Nc3 Bg7 5. e4 O-O 6. Be2 c6 7. O-O Nbd7 8. h3
e5 9. Be3 a6 10. Nh2 b5 11. a3 Bb7 12. f4 c5 13. d5 b4 14. axb4 cxb4 15. Na2 a5
16. Qc2 Rc8 17. Rac1 Re8 18. f5 Nc5 19. Bxc5 Rxc5 20. Qd3 Bc8 21. g4 g5 22. Nf3
h6 23. Nd2 Qb6 24. Kg2 a4 25. Rh1 Nh7 26. h4 f6 27. hxg5 Nxg5 28. Nf3 Nxf3 29.
Qxf3 Re7 30. Qh3 Rf7 31. Rcf1 Bd7 32. Rf3 Rc7 33. Rd1 Bc8 34. b3 a3 35. Qh5 Bd7
36. Rh3 Be8 37. Qh4 Kf8 38. Qe1 Rb7 39. Qd2 Ke7 40. Bf3 Kd8 41. Nc1 Rbd7 42.
Ne2 Ra7 43. Ra1 Rf8 44. Ng3 Rff7 45. Ra2 Rf8 46. Kh2 Rff7 47. Kh1 h5 48. Rxh5
Rf8 49. Rh7 Rh8 50. Rxh8 Bxh8 51. Kg2 0-1

[Event "C.to Provinciale UD 2008"]
[Site "Udine ITA"]
[Date "2007.11.24"]
[Round "1"]
[White "Zuttioni, Federico"]
[Black "Trento, Giacomo"]
[Result "1-0"]
[WhiteElo "1698"]
[BlackElo "1549"]
[PlyCount "65"]
[EventDate "2007.11.24"]

1. e4 c5 2. Nf3 Nf6 3. e5 Nd5 4. Nc3 Nxc3 5. dxc3 Nc6 6. Bc4 e6 7. Bf4 Qc7 8.
Qd2 h6 9. h4 g6 10. O-O-O Bg7 11. Rhe1 a6 12. g4 b5 13. Bf1 Bb7 14. Qe3 Ne7 15.
c4 O-O-O 16. Nd2 h5 17. f3 bxc4 18. Bxc4 Nd5 19. Bxd5 exd5 20. e6 Qb6 21. exd7+
Rxd7 22. Qb3 Qd8 23. g5 Re8 24. Rxe8 Qxe8 25. Qb6 Bf8 26. Qa7 Rc7 27. Bxc7 Kxc7
28. Nb3 Kc6 29. Na5+ Kb5 30. Qxb7+ Kxa5 31. b4+ Ka4 32. Qxa6+ Kxb4 33. a3+ 1-0

[Event "C.to Provinciale UD 2008"]
[Site "Udine ITA"]
[Date "2007.11.25"]
[Round "2"]
[White "Cellante, Francesco"]
[Black "Canciani, Sardo"]
[Result "0-1"]
[WhiteElo "1500"]
[BlackElo "1550"]
[PlyCount "74"]
[EventDate "2007.11.24"]

1. d4 Nf6 2. Bg5 h6 3. Bxf6 exf6 4. e3 g6 5. Nd2 Bg7 6. Ngf3 O-O 7. c3 d5 8.
Bd3 c6 9. Qc2 f5 10. g3 Re8 11. O-O-O Be6 12. h3 Nd7 13. Rdg1 Qa5 14. Kb1 c5
15. h4 c4 16. Be2 b5 17. h5 Rab8 18. hxg6 fxg6 19. Nh4 Bf7 20. Nxf5 gxf5 21.
Qxf5 Nf8 22. Bh5 Bxh5 23. Rxh5 b4 24. Nxc4 Qd8 25. Ne5 bxc3 26. b3 Rxe5 27.
dxe5 d4 28. Rd1 Rc8 29. Kc2 Rc5 30. Rxd4 Qa5 31. Rc4 Qxa2+ 32. Kd3 Qd2+ 33. Ke4
Rxc4+ 34. bxc4 c2 35. e6 c1=Q 36. Qf7+ Kh8 37. e7 Qcc2+ 0-1

[Event "C.to Provinciale UD 2008"]
[Site "Udine ITA"]
[Date "2007.11.25"]
[Round "2"]
[White "Di Tomaso, Fausto"]
[Black "Zuttioni, Federico"]
[Result "0-1"]
[WhiteElo "1589"]
[BlackElo "1698"]
[PlyCount "70"]
[EventDate "2007.11.24"]

1. d4 Nf6 2. c4 g6 3. Nc3 Bg7 4. e4 d6 5. Be2 O-O 6. Nf3 e5 7. d5 Nbd7 8. Qc2
a5 9. a4 Ne8 10. O-O b6 11. Ne1 f5 12. f3 f4 13. Nd3 Ba6 14. b3 h5 15. Bd2 g5
16. Be1 Qf6 17. Bf2 Qg6 18. Kh1 g4 19. g3 Nc5 20. Nxc5 dxc5 21. Qd1 Nf6 22.
gxf4 exf4 23. e5 gxf3 24. Bxf3 Ng4 25. d6 Rad8 26. Be4 Qe8 27. Bh4 Qxe5 28.
Qd5+ Kh8 29. Qxe5 Bxe5 30. Bxd8 Rxd8 31. dxc7 Rd2 32. Bg2 Bxc3 33. Rad1 Rxd1
34. Rxd1 Nf2+ 35. Kg1 Nxd1 0-1

[Event "C.to Provinciale UD 2008"]
[Site "Udine ITA"]
[Date "2007.11.25"]
[Round "2"]
[White "Gaspardo, Francesco"]
[Black "Santacroce, Fidel"]
[Result "1-0"]
[WhiteElo "1659"]
[BlackElo "1586"]
[PlyCount "69"]
[EventDate "2007.11.24"]

1. e4 e5 2. Nf3 Nc6 3. d4 exd4 4. Nxd4 Bc5 5. Be3 Qf6 6. c3 Bb6 7. g3 Nge7 8.
Bg2 O-O 9. O-O d6 10. Na3 Nxd4 11. cxd4 Re8 12. Nc4 Ng6 13. Nxb6 axb6 14. a3
Qe7 15. Qd2 Ra5 16. f4 h6 17. Rae1 Nf8 18. Kh1 Qd8 19. f5 Nh7 20. h4 Nf6 21.
Bf4 Nh5 22. Qd1 Nxf4 23. Rxf4 Qf6 24. Rff1 c5 25. e5 dxe5 26. dxe5 Qd8 27. Qh5
Qd4 28. e6 Qf6 29. exf7+ Qxf7 30. Rxe8+ Qxe8 31. Qxe8+ Kh7 32. Qg6+ Kg8 33. f6
Kf8 34. Qxg7+ Ke8 35. Qe7# 1-0

[Event "C.to Provinciale UD 2008"]
[Site "Udine ITA"]
[Date "2007.11.25"]
[Round "2"]
[White "Gentile, Bruno"]
[Black "Viola, Enrico"]
[Result "0-1"]
[WhiteElo "1449"]
[BlackElo "1497"]
[PlyCount "92"]
[EventDate "2007.11.24"]

1. c4 Nf6 2. Nf3 g6 3. g3 Bg7 4. Nc3 d6 5. Bg2 O-O 6. b3 Na6 7. O-O c6 8. Bb2
Bf5 9. e3 Bd3 10. Re1 Nb4 11. Rc1 Bf5 12. Bf1 Qd7 13. a3 Na6 14. d3 Bg4 15. Bg2
e5 16. e4 Ne8 17. Qd2 Nc5 18. Qd1 f5 19. h3 fxe4 20. hxg4 exf3 21. Bxf3 Ne6 22.
Ne4 d5 23. Nd2 d4 24. Ne4 Nd6 25. Kg2 Nxe4 26. Bxe4 Qf7 27. Rf1 Ng5 28. f3 Bh6
29. Rc2 Rad8 30. Rcf2 Ne6 31. Rh1 Be3 32. Rff1 Kg7 33. Bc1 Bxc1 34. Qxc1 Rh8
35. Rh3 h6 36. Rfh1 Ng5 37. R3h2 Rdf8 38. Rf1 Ne6 39. b4 Ng5 40. b5 cxb5 41.
Bd5 Qd7 42. f4 exf4 43. Rxf4 bxc4 44. Bxc4 Qc6+ 45. Kf1 Rxf4+ 46. gxf4 Qf3+ 0-1

[Event "C.to Provinciale UD 2008"]
[Site "Udine ITA"]
[Date "2007.11.25"]
[Round "2"]
[White "Trento, Giacomo"]
[Black "Di Gaspero, Enrico"]
[Result "1-0"]
[WhiteElo "1549"]
[BlackElo "1425"]
[PlyCount "61"]
[EventDate "2007.11.24"]

1. e4 e6 2. d4 d5 3. Nc3 dxe4 4. Nxe4 Nd7 5. Nf3 Ngf6 6. Bd3 Be7 7. O-O O-O 8.
c4 c5 9. Be3 Nxe4 10. Bxe4 cxd4 11. Nxd4 Nf6 12. Bc2 b6 13. Nc6 Qxd1 14. Nxe7+
Kh8 15. Raxd1 Bb7 16. Rd4 Rfe8 17. Rfd1 Rxe7 18. Bg5 e5 19. Rd6 Re6 20. Bxf6
gxf6 21. Rd7 Ba6 22. Rxf7 Bxc4 23. Rxh7+ Kg8 24. Rc7 Bxa2 25. b3 Ree8 26. Ra1
Bxb3 27. Bxb3+ Kf8 28. Rf7+ Kg8 29. Rc1 Rf8 30. Rb7+ Kh8 31. Rcc7 1-0

[Event "C.to Provinciale UD 2008"]
[Site "Udine ITA"]
[Date "2007.11.25"]
[Round "3"]
[White "Bisaro, Andrea"]
[Black "Viola, Enrico"]
[Result "0-1"]
[WhiteElo "1548"]
[BlackElo "1497"]
[PlyCount "112"]
[EventDate "2007.11.24"]

1. d4 Nf6 2. c4 g6 3. Nc3 d5 4. cxd5 Nxd5 5. Nf3 Bg7 6. e4 Nxc3 7. bxc3 c5 8.
Bb5+ Bd7 9. Qa4 O-O 10. Bxd7 Nxd7 11. e5 Nb6 12. Qb3 cxd4 13. cxd4 e6 14. Bg5
Qc7 15. O-O Rac8 16. Rac1 Qd7 17. Qe3 Nd5 18. Qd2 f6 19. exf6 Nxf6 20. Ne5 Qd5
21. Rxc8 Rxc8 22. Rc1 Rd8 23. Qf4 Qxd4 24. Qxd4 Rxd4 25. Rc8+ Bf8 26. f3 Nd7
27. Rd8 Nxe5 28. Rxd4 Bc5 29. Be3 Bxd4 30. Bxd4 Nc6 31. Bc3 b5 32. a3 Kf7 33.
Kf2 a5 34. Ke3 b4 35. axb4 Nxb4 36. Bb2 Nc2+ 37. Kd3 Nb4+ 38. Kc4 Nd5 39. Bd4
a4 40. Kb5 a3 41. Ka4 a2 42. Ka3 Nf4 43. g3 Ne2 44. Ba1 g5 45. Kxa2 Kg6 46. Kb1
Kf5 47. Kc2 Ng1 48. Kd3 Nxf3 49. h3 Ng1 50. h4 gxh4 51. gxh4 Nf3 52. h5 e5 53.
Bb2 Ng5 54. Bc1 Ne6 55. Be3 Nf4+ 56. Bxf4 Kxf4 0-1

[Event "C.to Provinciale UD 2008"]
[Site "Udine ITA"]
[Date "2007.11.25"]
[Round "3"]
[White "Degano, Emanuele"]
[Black "Orsatti, Marcello"]
[Result "0-1"]
[WhiteElo "1623"]
[BlackElo "1931"]
[PlyCount "72"]
[EventDate "2007.11.24"]

1. e4 d6 2. d4 Nf6 3. Nc3 c6 4. f3 Qa5 5. a3 e5 6. Bd2 Be7 7. Nd5 Qd8 8. Nxe7
Qxe7 9. dxe5 dxe5 10. Qe2 O-O 11. g4 b6 12. Qg2 Ba6 13. Bxa6 Nxa6 14. O-O-O
Rad8 15. h4 Qe6 16. Kb1 Rd6 17. Ne2 Rfd8 18. Ng3 Ne8 19. Nf5 R6d7 20. h5 Nd6
21. Nxd6 Rxd6 22. Qe2 Nc7 23. Bc3 Nb5 24. Rd3 Rxd3 25. cxd3 Nxc3+ 26. bxc3 Qb3+
27. Qb2 Qxb2+ 28. Kxb2 Rxd3 29. Rf1 Kf8 30. Kc2 Rd6 31. Rd1 Rxd1 32. Kxd1 Ke7
33. Ke2 Kf6 34. Ke3 a6 35. a4 Kg5 36. c4 b5 0-1

[Event "C.to Provinciale UD 2008"]
[Site "Udine ITA"]
[Date "2007.11.25"]
[Round "3"]
[White "Di Gaspero, Enrico"]
[Black "Cellante, Francesco"]
[Result "1-0"]
[WhiteElo "1425"]
[BlackElo "1500"]
[PlyCount "89"]
[EventDate "2007.11.24"]

1. e4 Nf6 2. Nc3 d5 3. exd5 Nxd5 4. Qf3 e6 5. Bc4 c6 6. Nge2 Nd7 7. d4 Be7 8.
O-O N7f6 9. Re1 O-O 10. Nf4 Nb6 11. Qd3 Nxc4 12. Qxc4 Nd5 13. Nfxd5 cxd5 14.
Qd3 Bf6 15. Ne2 b6 16. Qg3 g6 17. c3 Re8 18. Nf4 Bh4 19. Qf3 Bf6 20. Nd3 Bg7
21. Bf4 Ba6 22. Ne5 f6 23. Ng4 g5 24. Bd2 h5 25. Ne3 g4 26. Qf4 Bd3 27. Nf1 e5
28. Qe3 e4 29. Ng3 h4 30. Nf5 Qd7 31. Nxh4 f5 32. Ng6 Qd6 33. Nf4 Bh6 34. Qg3
Re7 35. Nxd3 Qxg3 36. hxg3 Bxd2 37. Re2 e3 38. Nb4 exf2+ 39. Kxf2 Rxe2+ 40.
Kxe2 Bg5 41. Nxd5 Re8+ 42. Kd3 Bd8 43. Rf1 Rf8 44. Ne3 Bc7 45. Rxf5 1-0

[Event "C.to Provinciale UD 2008"]
[Site "Udine ITA"]
[Date "2007.11.25"]
[Round "3"]
[White "Muradore, Aldo"]
[Black "Dizorz, Marco"]
[Result "1-0"]
[WhiteElo "1541"]
[BlackElo "1565"]
[PlyCount "91"]
[EventDate "2007.11.24"]

1. d4 d5 2. Nf3 Nf6 3. g3 h6 4. Bg2 Nc6 5. O-O Bg4 6. Nbd2 e6 7. c3 Bd6 8. Re1
O-O 9. e4 dxe4 10. Nxe4 Nxe4 11. Rxe4 Bf5 12. Re1 Re8 13. Nh4 Qf6 14. Nxf5 Qxf5
15. Be4 Qf6 16. Re3 Qe7 17. c4 Rad8 18. Bxc6 bxc6 19. Qf3 c5 20. d5 Qf6 21.
Qxf6 gxf6 22. dxe6 fxe6 23. Ra3 Kg7 24. Rxa7 Be5 25. Kg2 Kg6 26. Be3 Bxb2 27.
Rb1 Be5 28. Bxc5 Rd2 29. Be3 Rc2 30. c5 Rd8 31. a4 Rd3 32. Kh3 f5 33. Rb8 f4
34. gxf4 Bxf4 35. Rg8+ Kh5 36. Rg2 Bxe3 37. fxe3 Rxe3+ 38. Rg3 Rxg3+ 39. hxg3
Rxc5 40. Ra8 e5 41. Rg8 Rc3 42. a5 Rf3 43. a6 e4 44. a7 e3 45. a8=Q Rxg3+ 46.
Kxg3 1-0

[Event "C.to Provinciale UD 2008"]
[Site "Udine ITA"]
[Date "2007.11.25"]
[Round "3"]
[White "Santacroce, Fidel"]
[Black "Trento, Giacomo"]
[Result "0-1"]
[WhiteElo "1586"]
[BlackElo "1549"]
[PlyCount "54"]
[EventDate "2007.11.24"]

1. e4 c5 2. Nf3 Nf6 3. e5 Nd5 4. c4 Nb6 5. d4 cxd4 6. Qxd4 Nc6 7. Qe4 e6 8. Nc3
d5 9. exd6 Bxd6 10. Bg5 f6 11. Be3 e5 12. c5 f5 13. Qd3 f4 14. cxd6 fxe3 15.
fxe3 O-O 16. Be2 Bf5 17. e4 Be6 18. O-O Nc4 19. b3 Nb4 20. Qb1 Ne3 21. Re1 Qxd6
22. a3 Nbc2 23. Ng5 Qb6 24. Na4 Qd4 25. Nxe6 Qxe4 26. Bf1 Rxf1+ 27. Rxf1 Qxg2#
0-1

[Event "C.to Provinciale UD 2008"]
[Site "Udine ITA"]
[Date "2007.11.25"]
[Round "3"]
[White "Zuttioni, Federico"]
[Black "Gaspardo, Francesco"]
[Result "1-0"]
[WhiteElo "1698"]
[BlackElo "1659"]
[PlyCount "81"]
[EventDate "2007.11.24"]

1. e4 e6 2. d4 d5 3. Nc3 Bb4 4. e5 c5 5. a3 Bxc3+ 6. bxc3 Ne7 7. a4 Qa5 8. Qd2
c4 9. Nf3 Nbc6 10. Be2 Bd7 11. Ba3 h6 12. O-O g5 13. Rfb1 O-O-O 14. Rb5 Qa6 15.
Qc1 Nf5 16. g4 Nh4 17. Nxh4 gxh4 18. Bd6 b6 19. Qa3 Na5 20. Rb2 Rdg8 21. f4 h3
22. Rbb1 Rg6 23. Kh1 Rhg8 24. Rg1 Qb7 25. Rg3 f5 26. exf6 Rxf6 27. Rxh3 Rfg6
28. Rg1 Qc6 29. Ra1 e5 30. Bxe5 Bxg4 31. Bxg4+ Rxg4 32. Qd6 Qxd6 33. Bxd6 R8g6
34. Be5 Rg2 35. f5 Rg8 36. Rc1 Nb3 37. cxb3 cxb3 38. Rg3 R8xg3 39. hxg3 Ra2 40.
Rb1 b2 41. Kg2 1-0

[Event "C.to Provinciale UD 2008"]
[Site "Udine ITA"]
[Date "2007.12.01"]
[Round "4"]
[White "Di Tomaso, Fausto"]
[Black "Muradore, Aldo"]
[Result "1/2-1/2"]
[WhiteElo "1589"]
[BlackElo "1541"]
[PlyCount "192"]
[EventDate "2007.11.24"]

1. d4 d5 2. c4 e6 3. a3 Nf6 4. Nc3 g6 5. Nf3 Bg7 6. Bg5 Nbd7 7. e3 O-O 8. h3 b6
9. cxd5 exd5 10. Bf4 c6 11. Bd3 Re8 12. O-O Nh5 13. Bh2 Nf8 14. b4 Ne6 15. Be2
Nf6 16. Rc1 Bb7 17. Qb3 Ne4 18. Bd3 N6g5 19. Nxg5 Nd2 20. Nxf7 Kxf7 21. Qd1
Nxf1 22. Kxf1 Kg8 23. Ne2 Rf8 24. Nf4 Qf6 25. Bg3 Rf7 26. Qb3 Raf8 27. b5 Bh6
28. Kg1 Bxf4 29. exf4 Re8 30. bxc6 Bxc6 31. f5 g5 32. Be5 Qh6 33. Qd1 Rc8 34.
Qg4 Bd7 35. Rxc8+ Bxc8 36. h4 Qxh4 37. Qxh4 gxh4 38. f6 a6 39. Be2 Ra7 40. Bh5
Be6 41. Be2 b5 42. f4 Ra8 43. Bd3 Rc8 44. f5 Bf7 45. Bd6 Rc6 46. Be7 Rc3 47.
Be2 h3 48. Bb4 Rc1+ 49. Kh2 hxg2 50. Kxg2 Rc2 51. Kf1 Rc1+ 52. Kf2 Rc2 53. Kf1
Kh8 54. Bf3 Rc8 55. Kf2 Rg8 56. Ke3 h5 57. Bd6 h4 58. Kf4 h3 59. Ke3 Kh7 60.
Bf4 Rg1 61. Kf2 Ra1 62. Bd6 Ra2+ 63. Kg1 Kh6 64. Bf4+ Kh7 65. Bd6 Rb2 66. Kh1
a5 67. Bg4 h2 68. Bxh2 Rxh2+ 69. Kxh2 b4 70. axb4 axb4 71. Bd1 Kh6 72. Kg3 Kg5
73. Bc2 Kxf6 74. Kf4 Be8 75. Bb3 Bc6 76. Kg4 Bd7 77. Bc2 Bb5 78. Kf4 Bc4 79.
Kg4 b3 80. Bb1 Be2+ 81. Kf4 Bd1 82. Bd3 Bc2 83. Ke3 Bxd3 84. Kxd3 b2 85. Kc2
b1=Q+ 86. Kxb1 Kxf5 87. Kc2 Ke4 88. Kd1 Kxd4 89. Kd2 Ke4 90. Ke2 Kd4 91. Kd2
Kc4 92. Kc2 d4 93. Kd2 d3 94. Kd1 Kc3 95. Kc1 d2+ 96. Kd1 Kd3 1/2-1/2

[Event "C.to Provinciale UD 2008"]
[Site "Udine ITA"]
[Date "2007.12.01"]
[Round "4"]
[White "Dizorz, Marco"]
[Black "Bertolutti, Francesca"]
[Result "1/2-1/2"]
[WhiteElo "1565"]
[BlackElo "1329"]
[PlyCount "59"]
[EventDate "2007.11.24"]

1. e4 e6 2. d4 d5 3. exd5 exd5 4. Nf3 Be7 5. Bd3 Nf6 6. O-O O-O 7. h3 b6 8. c3
Ba6 9. Bxa6 Nxa6 10. Qd3 Nb8 11. Bf4 Nbd7 12. Nbd2 Re8 13. Rfe1 Qc8 14. Re2 Qb7
15. Rae1 Bf8 16. Ne5 c6 17. Nxd7 Qxd7 18. Be5 Re6 19. Nf3 h6 20. Bxf6 Rxf6 21.
Ne5 Qc7 22. Ng4 Rg6 23. Re8 Rd8 24. Qf5 Rg5 25. Qf3 Rxe8 26. Rxe8 Rg6 27. Qe3
Qd6 28. Ne5 Re6 29. Rxe6 Qxe6 30. Kf1 1/2-1/2